1418 1848 1385 1746 1085 1514 1764 1595 1578 1568 1498 1346 1145 1697 1799 1989 1304 1007 1815 1559 1963 1036 1394 1173 1687 1480 1714 1691 1528 1076 1859 1544 1902 1852 1306 1617 1485 1994 1284 1851 1908 1157 1157 1481 1235 1012 1623 1257 1109 1241 1520 1683 1512 1884 1844 1769 1064 1374 1774 1907 1413 1103 1476 1561 1469 1000 1660 1995 1360 1969 1612 1957 1662 1897 1185 1445 1722 1635 1908 1784 1997 1367 1467 1828 1240 1032 1532 1528 1319 1630 1228 1102 1623 1148 1933 1908 1716 1585 1637 BCNSPRNW ULIB Ver.6.0+V

เปลี่ยนเป็นภาษาไทย

Change to English
 แสดงรายละเอียดบรรณานุกรม
  กลับหน้าหลัก

Brief Record : Get Marc (ISO 2709) : E-mail record : QR code < ปิดหน้าต่าง
LEADER : 00000nam 2200000uu 4500
001    13399126923
003     ULIB
008    190905s2562||||th 000 0 tha d
020    ^a9786164855571
060 04 ^aWY160^bก492
100 0  ^aผกาพันธุ์ วุฒิลักษณ์
245 10 ^aการพยาบาลผู้ป่วยโรคจิตเภท: บทบาทและกระบวนการ /^cผกาพันธุ์ วุฒิลักษณ์
250    ^aพิมพ์ครั้งที่ 2
260    ^aเชียงใหม่ :^bดีไซน์ปริ้นท์ มีเดีย,^c2562
300    ^aจ, 126 หน้า ;^c25 ซม.
650  4 ^aการพยาบาลจิตเวชศาสตร์
650  4 ^aจิตเภท
710 2  ^aมหาวิทยาลัยเชียงใหม่.^bคณะพยาบาลศาสตร์
945    ^p250^l0^i005818
945    ^p250^l0^i005814
945    ^p250^l0^i005813
945    ^p250^l0^i005811
945    ^p250^l0^i005810
945    ^p250^l0^i005816
945    ^p250^l0^i005815
945    ^p250^l0^i005817
945    ^p250^l0^i005812
945    ^p250^l0^i005809
999    ^aประนอม เกษจรัล
รายการนี้ยังไม่มีแท็ก
คุณยังไม่ได้ล็อกอิน คุณสามารถมีกิจกรรมร่วมกับเว็บไซต์ได้ แต่ต้องล็อกอินก่อน ::
  ล็อกอิน

รายการสื่อสารสนเทศ

ลำดับที่ ประเภท เลขเรียก/บาร์โค้ด สถานที่ สถานะ
1. Book การพยาบาล
หนังสือสำรอง
สถานะ=หนังสือสำรอง
WY160 ก492 ฉ.1 
  Barcode: 005809
ห้องสมุดวิทยาเขตสวรรค์ประชารักษ์
►หนังสือทั่วไป
บนชั้น
2. Book การพยาบาล
Book การพยาบาล
WY160 ก492 ฉ.10 
  Barcode: 005818
ห้องสมุดวิทยาเขตสวรรค์ประชารักษ์
►หนังสือทั่วไป
บนชั้น
3. Book การพยาบาล
Book การพยาบาล
WY160 ก492 ฉ.2 
  Barcode: 005810
ห้องสมุดวิทยาเขตสวรรค์ประชารักษ์
►หนังสือทั่วไป
บนชั้น
4. Book การพยาบาล
Book การพยาบาล
WY160 ก492 ฉ.3 
  Barcode: 005811
ห้องสมุดวิทยาเขตสวรรค์ประชารักษ์
►หนังสือทั่วไป
บนชั้น
5. Book การพยาบาล
Book การพยาบาล
WY160 ก492 ฉ.4 
  Barcode: 005812
ห้องสมุดวิทยาเขตสวรรค์ประชารักษ์
►หนังสือทั่วไป
บนชั้น
6. Book การพยาบาล
Book การพยาบาล
WY160 ก492 ฉ.5 
  Barcode: 005813
ห้องสมุดวิทยาเขตสวรรค์ประชารักษ์
►หนังสือทั่วไป
บนชั้น
7. Book การพยาบาล
Book การพยาบาล
WY160 ก492 ฉ.6 
  Barcode: 005814
ห้องสมุดวิทยาเขตสวรรค์ประชารักษ์
►หนังสือทั่วไป
บนชั้น
8. Book การพยาบาล
Book การพยาบาล
WY160 ก492 ฉ.7 
  Barcode: 005815
ห้องสมุดวิทยาเขตสวรรค์ประชารักษ์
►หนังสือทั่วไป
ถูกยืม กำหนดส่งวันที่ 7 มีนาคม 2565
  จอง
9. Book การพยาบาล
Book การพยาบาล
WY160 ก492 ฉ.8 
  Barcode: 005816
ห้องสมุดวิทยาเขตสวรรค์ประชารักษ์
►หนังสือทั่วไป
บนชั้น
10. Book การพยาบาล
Book การพยาบาล
WY160 ก492 ฉ.9 
  Barcode: 005817
ห้องสมุดวิทยาเขตสวรรค์ประชารักษ์
►หนังสือทั่วไป
บนชั้น

รายการใกล้เคียง
    ผู้แต่ง [ผกาพันธุ์ วุฒิลักษณ์]

    หัวเรื่อง [การพยาบาลจิตเวชศาสตร์]
    หัวเรื่อง [จิตเภท]

BibComment


ยังไม่เคยถูกคอมเมนท์

คอมเมนท์ทรัพยากรรายการนี้
  คอมเมนท์: การพยาบาลผู้ป่วย..


 Copyright 2026. Bcnsprnw @Library